Kagurabachi - Everything about Enchanted Blades - Statistics

General Stats
  • This quiz has been taken 16 times
  • The average score is 30 of 32
Answer Stats
Réponses % Correct
Aka
100%
Akemura Soga
100%
Chō
100%
En
100%
Enten
100%
Fukurо̄
100%
Karasu
100%
Kumeyuri
100%
Kumo
100%
Kuregumo
100%
Kuro
100%
Kyora Sazanami
100%
Magatsumi
100%
Mukade
100%
Seiichi Samura
100%
100%
Chihiro Rokuhira
90%
Chihiro Rokuhira
90%
Genichi Sōjō
90%
Hachi
90%
Hiruhiko
90%
Ibuki Misaka
90%
Kodoku
90%
Nishiki
90%
Tobimune
90%
Tonbo
90%
Yoji Uruha
90%
Yura
90%
Mei
80%
Suzaku
80%
70%
Yui
70%
No matching quizzes found
Score Distribution
Percent of People with Each Score
Percentile by Number Answered
Your Score History
You have not taken this quiz